|
|
|
|
| LEADER |
00000cam a22000004a 4500 |
| 001 |
musev2_80947 |
| 003 |
MdBmJHUP |
| 005 |
20230905052321.0 |
| 006 |
m o d |
| 007 |
cr||||||||nn|n |
| 008 |
101005s2010 inu o 00 0 eng d |
| 020 |
|
|
|a 9781575066264
|
| 035 |
|
|
|a (OCoLC)759160135
|
| 040 |
|
|
|a MdBmJHUP
|c MdBmJHUP
|
| 245 |
0 |
0 |
|a Raising Up a Faithful Exegete :
|b Essays in Honor of Richard D. Nelson /
|c edited by K.L. Noll and Brooks Schramm.
|
| 264 |
|
1 |
|a Winona Lake, IN :
|b Eisenbrauns,
|c 2010.
|
| 264 |
|
3 |
|a Baltimore, Md. :
|b Project MUSE,
|c 2021
|
| 264 |
|
4 |
|c ©2010.
|
| 300 |
|
|
|a 1 online resource (392 pages):
|b portrait
|
| 336 |
|
|
|a text
|b txt
|2 rdacontent
|
| 337 |
|
|
|a computer
|b c
|2 rdamedia
|
| 338 |
|
|
|a online resource
|b cr
|2 rdacarrier
|
| 500 |
|
|
|a "Bibliographical history of Richard D. Nelson's career," xiii-xv.
|
| 505 |
0 |
|
|a "I still can't believe it" : a brief biography of Richard D. Nelson / Brooks Schramm -- Prophetic madness : prophecy and ecstasy in the ancient Near East and in Greece / Martti Nissinen -- The Deuteronomic history and the book of Chronicles : scribal works in an oral world / Raymond F. Person Jr. -- The Deuteronomistic history : historical reconsiderations / Niels Peter Lemche -- The Deuteronomistic history and "double redaction" / Philip R. Davies -- On the term Deuteronomistic in relation to Joshua-Kings in the Persian period / Ehud Ben Zvi -- A portrait of the Deuteronomistic historian at work? / K.L. Noll -- Book-endings in Joshua and the question of the so-called Deuteronomistic history / Thomas Römer -- Joshua in the book of Joshua / Thomas B. Dozeman -- Synoptic David : the view from Chronicles / A. Graeme Auld -- "Rest all around from all his enemies" (2 Samuel 7:1b) : the occasion for David's offer to build a temple / Timothy M. Willis -- Why did David stay home? : an exegetical study of 2 Samuel 11:1 / Steven L. McKenzie -- David, the Great King, King of the Four Quarters : structure and signification in the catalog of David's conquests (2 Samuel 8:1-14, 1 Chronicles 18:1-13) / Cynthia Edenburg -- The self-limiting God of the Old Testament and issues of violence / Terence E. Fretheim -- Wisdom influence in the book of Deuteronomy / Jack R. Lundbom -- A simple matter of numbering? : "sovereignty" and "holiness" in the Decalogue tradition / Rodney R. Hutton -- What is Abimelek doing in Judges? / Roy L. Heller -- The Chronicler's theological rewriting of the Deuteronomistic history : Amaziah, a test case / Ralph W. Klein -- The rescue of Jerusalem from the Assyrians in 701 B.C.E. by the Cushites / Alice Ogden Bellis -- Covenant and liberation : diachronic perspectives / Alejandro F. Botta -- Woe or hoi : the lamentable translation of in Isaiah 55:1 / Marty E. Stevens -- Tested at the boundary : Deuteronomy and Matthew in conversation on testing / Robert L. Foster -- Whose faith? : reexamining the Habakkuk 2:4 citation within the communicative act of Romans 1:1-17 / Richard P. Carlson -- The Lord's Supper as a meal of siblings / Walter F. Taylor Jr.
|
| 588 |
|
|
|a Description based on print version record.
|
| 630 |
0 |
7 |
|a Bible.
|p Old Testament.
|2 fast
|0 (OCoLC)fst01808092
|
| 630 |
0 |
7 |
|a Bible.
|2 fast
|0 (OCoLC)fst01356024
|
| 630 |
0 |
0 |
|a Bible
|x Theology.
|
| 630 |
0 |
0 |
|a Bible.
|p Old Testament
|x Criticism, interpretation, etc.
|
| 650 |
|
7 |
|a Theology.
|2 fast
|0 (OCoLC)fst01149559
|
| 650 |
|
7 |
|a Deuteronomistic history (Biblical criticism)
|2 fast
|0 (OCoLC)fst00891707
|
| 650 |
|
7 |
|a RELIGION
|x Biblical Criticism & Interpretation
|x Old Testament.
|2 bisacsh
|
| 650 |
|
0 |
|a Deuteronomistic history (Biblical criticism)
|
| 655 |
|
7 |
|a Festschriften.
|2 lcgft
|
| 655 |
|
7 |
|a Criticism, interpretation, etc.
|2 fast
|0 (OCoLC)fst01411635
|
| 655 |
|
7 |
|a Festschriften.
|2 fast
|0 (OCoLC)fst01941036
|
| 655 |
|
7 |
|a Electronic books.
|2 local
|
| 700 |
1 |
|
|a Nelson, Richard D.
|q (Richard Donald),
|d 1945-
|
| 700 |
1 |
|
|a Schramm, Brooks,
|d 1957-
|
| 700 |
1 |
|
|a Noll, K. L.
|
| 710 |
2 |
|
|a Project Muse.
|e distributor
|
| 830 |
|
0 |
|a Book collections on Project MUSE.
|
| 856 |
4 |
0 |
|z Texto completo
|u https://projectmuse.uam.elogim.com/book/80947/
|
| 945 |
|
|
|a Project MUSE - Custom Collection
|